[Event "14th SRB-ch Women 2020"]
[Site "Vrnjacka Banja"]
[Date "2020.12.09"]
[Round "4.5"]
[White "Benderac, Ana"]
[Black "Prudnikova, Svetlana"]
[Result "1/2-1/2"]
[WhiteElo "2202"]
[BlackElo "2181"]
[Annotator "RC"]
[PlyCount "20"]
[EventDate "2020.12.07"]
[EventType "tourn"]
[EventCountry "SRB"]
[SourceTitle "playchess.com"]
[Source "ChessBase"]
[SourceQuality "1"]
[TimeControl "40/5400+30:1800+30"]

1. d4 {[%emt 0:00:00]} d5 {[%emt 0:00:00]} 2. c4 {[%emt 0:00:04]} e6 {[%emt 0:00:00]} 3. Nc3 {[%emt 0:00:06]} Nf6 {[%emt 0:00:00]} 4. Nf3 {[%emt 0:00:06]} Be7 {[%emt 0:00:15]} 5. cxd5 {[%emt 0:00:17]} exd5 {[%emt 0:00:02]} 6. Bg5 {[%emt 0:00:09]} c6 {[%emt 0:00:10]} 7. e3 {[%emt 0:00:07]} Bf5 {[%emt 0:00:10]} 8. Bd3 {[%emt 0:00:14]} Bxd3 {[%emt 0:00:10]} 9. Qxd3 {[%emt 0:00:05]} Nbd7 {[%emt 0:00:07]} 10. O-O {[%emt 0:00:08]} O-O {[%emt 0:00:08]} 1/2-1/2

[Event "14th SRB-ch Women 2020"]
[Site "Vrnjacka Banja"]
[Date "2020.12.10"]
[Round "5.1"]
[White "Prudnikova, Svetlana"]
[Black "Velikic, Adela"]
[Result "0-1"]
[WhiteElo "2181"]
[BlackElo "2278"]
[Annotator "TA"]
[PlyCount "179"]
[EventDate "2020.12.07"]
[EventType "tourn"]
[EventCountry "SRB"]
[SourceTitle "playchess.com"]
[Source "ChessBase"]
[SourceQuality "1"]

{[%evp 9,179,24,27,21,11,2,38,31,42,30,19,20,52,54,54,49,56,62,117,127,114,76,75,86,79,89,82,63,45,57,51,48,63,58,57,14,1,0,0,-152,-146,-139,-157,-153,-131,-256,-246,-616,-100,-117,-111,-103,0,0,0,0,0,0,39,47,46,45,90,0,0,0,0,-39,-39,-118,-118,-118,-118,-136,-136,-132,-132,-136,-132,-136,-136,-136,-136,-216,-185,-216,-216,-216,-216,-216,-216,-216,-216,-231,-216,-216,-216,-216,-216,-216,-216,-3414,-3414,-3414,-3414,-3407,-3407,-3400,-3400,-3379,-1827,-29953,-29950,-29950,-406,-29965,-29965,-29965,-29962,-29965,-29971,-29971,-29973,-29972,-29973,-29975,-29977,-29976,-29975,-29975,-29976,-29975,-29976,-29977,-29978,-29982,-29977,-29977,-163,-163,-163,-163,-163,-163,-163,-163,-163,-163,-163,-163,-163,-163,-163,-163,-163,-29983,-29980,-29984,-29985,-29985,-29984,-29984,-29985,-29986,-29983,-29987,-29988,-29988,-29989,-29989,-49,-29989]} 1. d4 Nf6 2. Nf3 e6 3. g3 b5 4. Bg2 d5 5. a4 b4 6. c4 {A46: 1 d4 Nf6 2 Nf3 e6: Torre, London and Colle Systems.} bxc3 7. bxc3 c5 8. c4 {[#] White is slightly better.} cxd4 $146 ({Predecessor:} 8... Bb7 9. cxd5 Bxd5 10. O-O cxd4 11. Nxd4 Bxg2 12. Kxg2 Bc5 13. Nb5 Qe7 14. Ba3 O-O 15. Bxc5 Qxc5 {½-½ (26) Theofilopoulos,A (2194)-Tsekouras,T (2196) Porto Rio 2015}) 9. Nxd4 Bb4+ 10. Bd2 Bc5 11. Nb3 Be7 12. O-O Nc6 13. Nc3 Ba6 (13... O-O $14) 14. cxd5 $16 exd5 15. Bg5 Nb4 16. Rc1 Bc4 17. Nd2 {Threatens to win with Bxf6.} Ba6 18. Ndb1 O-O 19. Bxf6 Bxf6 20. Nxd5 Nxd5 21. Bxd5 Rb8 22. Re1 Qa5 23. e4 Rb2 24. e5 $2 (24. h4 $11) 24... Bg5 $17 25. Nc3 Bxc1 26. Qxc1 {[#]} Qb6 $1 27. Ne4 (27. Re3 $17 Re8 28. a5) 27... Bd3 $1 $19 {[%cal Rd3e4] Strongly threatening ...Bxe4.} 28. Qf4 $2 {[#]} (28. Qe3 Rb1 29. Kg2) 28... Bxe4 $2 (28... Qa5 $1 $19 29. Rd1 Qxd5) 29. Rxe4 $17 {With the idea e6.} Qc5 30. Bc4 Qc7 (30... a5 $17 31. h4 h6) 31. e6 $11 Rb1+ {[#]} 32. Kg2 $1 {[%mdl 512]} Qxf4 33. Rxf4 {[%mdl 4096] Endgame And now e7 would win. KRR-KRB} Re1 34. exf7+ Kh8 35. h4 g6 {[#]} 36. h5 ({White should try} 36. Bb5 $1 $16) 36... Kg7 37. hxg6 hxg6 38. a5 Ra1 39. a6 {Black converts the advantage convincingly.} (39. Re4 $15) 39... Ra4 $17 40. Kf3 {[#]} Rc8 $1 41. Bd3 Rxf4+ 42. Kxf4 Kxf7 {KR-KB} 43. Ke5 Re8+ 44. Kd5 Rd8+ 45. Ke4 Kf6 46. f4 (46. Bc4 $17) 46... Rb8 $19 47. g4 Rb4+ 48. Ke3 g5 49. fxg5+ Kxg5 50. Be2 Ra4 51. Kd2 Kf4 52. Kc3 Re4 53. Bd3 Re6 54. Bc4 Rc6 55. Kb4 $2 (55. Kd4) 55... Kxg4 56. Bb5 Rc7 57. Ka3 Kf4 58. Kb4 Ke3 59. Ka3 Kd4 60. Bf1 Rc1 61. Bb5 {Cut Off at move 61} Rb1 (61... Kc3 $142 62. Ka2 Re1 63. Bc6 Re5 64. Bb7 Ra5+ 65. Kb1 Ra4 66. Bh1 Rxa6 67. Bd5 Rb6+ 68. Ka1 Kb4 69. Kb2 a6 70. Bg8 Rd6 71. Ka2 Rd2+ 72. Kb1 Rd8 73. Bf7 Ka3 74. Bh5 Rb8+ 75. Kc1 Kb3 76. Kb1 Rf8 77. Bd1+ Kb4 78. Kc2 a5 79. Bg4 Rf2+ 80. Kc1 Kc3 81. Kb1 Rf6 82. Bh3 a4 83. Bg2 Rb6+ 84. Ka1 Rd6 85. Be4 Kb3 86. Bb1 Rd2 87. Bh7 Rg2 88. Be4 Ra2+ 89. Kb1 Rd2 90. Ka1 a3 91. Bh7 a2 92. Bg8+ Ka3 93. Bb3 Rg2 94. Bxa2 Rxa2+ 95. Kb1 Rd2 96. Kc1 Rd7 97. Kc2 Kb4 98. Kb2 Rc7 99. Ka2 Kc3 100. Kb1 Ra7 101. Kc1 Ra1#) 62. Bd7 (62. Ka4 $19) 62... Ra1+ 63. Kb2 Rxa6 64. Bf5 Rb6+ 65. Ka1 Kc3 66. Bh7 Kb3 67. Bg8+ Ka3 68. Bh7 Rh6 69. Bc2 Rh2 70. Bg6 a5 {[%cal Ba7a5,Ba5a4][%mdl 32]} 71. Be4 a4 72. Bg6 Ra2+ 73. Kb1 Rg2 $2 (73... Rb2+ 74. Ka1 Rf2 75. Bd3 Kb3 76. Bh7 Ra2+ 77. Kb1 Rg2 78. Kc1 Kc3 79. Kb1 a3 80. Ka1 a2 81. Be4 Rd2 82. Bf5 Kb3 83. Be6+ Ka3 84. Bb3 Rg2 85. Bxa2 Rxa2+ 86. Kb1 Rd2 87. Kc1 Rd7 88. Kc2 Kb4 89. Kb2 Rc7 90. Ka2 Kc3 91. Kb1 Ra7 92. Kc1 Ra1#) 74. Bf7 Kb4 75. Be6 Kc3 {aiming for ...Rd2.} 76. Bf7 Rb2+ 77. Ka1 Rb7 78. Be6 Kb4 {Hoping for ...Ka3.} 79. Ka2 Re7 80. Bg8 Re2+ 81. Ka1 Ka3 {[%cal Re2e1]} 82. Bh7 $2 (82. Kb1 $19 Kb4 83. Kc1) 82... Re1+ 83. Bb1 Kb4 84. Ka2 Re2+ 85. Ka1 Kb3 86. Bg6 Ra2+ 87. Kb1 Rf2 {[%cal Rf2f1]} 88. Ka1 a3 89. Be4 Kb4 $2 (89... a2 {mates} 90. Bd5+ Ka3 91. Bc4 Rc2 92. Bxa2 Rxa2+ 93. Kb1 Rd2 94. Kc1 Rd7 95. Kc2 Kb4 96. Kb2 Rc7 97. Ka1 Kb3 98. Kb1 Ka3 99. Ka1 Rc1#) 90. Bh7 $2 {[%mdl 8192] Weighted Error Value: White=0.57/Black=0.27} (90. Bd5 $15 Kc3 91. Be6) 0-1

[Event "14th SRB-ch Women 2020"]
[Site "Vrnjacka Banja"]
[Date "2020.12.10"]
[Round "5.2"]
[White "Srdanovic, Jovana"]
[Black "Benderac, Ana"]
[Result "0-1"]
[WhiteElo "2149"]
[BlackElo "2202"]
[Annotator "TA"]
[PlyCount "80"]
[EventDate "2020.12.07"]
[EventType "tourn"]
[EventCountry "SRB"]
[SourceTitle "playchess.com"]
[Source "ChessBase"]
[SourceQuality "1"]

{[%evp 9,80,11,8,-11,-11,-11,-6,-4,0,-2,0,-4,0,0,0,-18,-8,-29,-12,-32,25,3,13,12,0,0,6,-4,52,-147,-41,-102,-108,-100,-99,-112,57,-120,-124,-218,-227,-204,-138,-235,-231,-228,-239,-236,-221,-234,-200,-414,-398,-393,-369,-333,-325,-332,-331,-332,-328,-629,-625,-607,-609,-589,-601,-595,-597,-583,-569,-2342,-2350]} 1. d4 e6 2. c4 Nf6 3. Nc3 Bb4 4. e3 O-O 5. Nge2 c6 6. c5 {E46: Nimzo-Indian: Rubinstein: 4 e3 0-0 5 Ne2 without early Bd3.} d6 7. cxd6 Qxd6 8. a3 {The position is equal.} Ba5 9. b4 Bc7 10. Bb2 e5 11. Qc2 Qe7 12. g3 {[#]} e4 $146 ({Predecessor:} 12... exd4 13. Nxd4 Rd8 14. O-O-O a5 15. b5 Bd6 16. Nf5 Bxf5 17. Qxf5 Nbd7 18. a4 Ba3 19. Bxa3 Qxa3+ {0-1 (46) Gupta,A (2581)-Vidit,S (2695) chess.com INT 2019}) 13. Bg2 {[%cal Rc3e4]} Re8 14. h3 h5 (14... Nbd7 $15) 15. Rd1 a5 16. b5 Nbd7 17. g4 Nb6 18. g5 Nh7 (18... Nfd5 $11) 19. Nxe4 $2 {[#]} (19. Qxe4 $14 Qxe4 20. Nxe4) 19... Nxg5 (19... Bf5 $1 $17 20. Nf6+ (20. bxc6 Bxe4 21. Bxe4 Qxe4 $17) 20... Qxf6 21. gxf6 Bxc2) 20. Nc5 ({White should try} 20. N4c3 $15) 20... cxb5 $17 21. h4 Ne6 22. Nxb7 Ra7 $2 (22... Nc4 $17 {And now ...Nf4! would win.} 23. Nd6 Bxd6 24. Bxa8 Nxb2 25. Qxb2 Bxa3) 23. Nc5 $2 (23. d5 $1 $14 Bxb7 24. dxe6 Bxg2 25. Rg1 Qxe6 26. Rxg2) 23... Nc4 {White is on the road to losing.} 24. Nxe6 (24. Bc6 $17 Rd8 25. Ne4) 24... Bxe6 $19 25. Bc6 Bd7 26. Bxd7 (26. d5 $17) 26... Qxd7 27. d5 Nxb2 28. Qxb2 {and if d6! works, White does fine.} Be5 29. Qb3 Rc7 30. Nd4 $2 (30. Qd3) 30... Bxd4 {[%mdl 64] Overworked Piece} 31. Rxd4 Rc1+ 32. Rd1 Rxd1+ 33. Qxd1 {[%mdl 4096] Endgame KQR-KQR} Re5 34. d6 Qc6 35. Rg1 $2 {[#]} (35. O-O Re6 36. Kh2) 35... Rd5 $1 {[%cal Rd5d1][%mdl 64] Double Attack. Black is clearly winning.} 36. Qa1 {[%csl Gg1][%cal Ra1g7]} g6 37. Qb2 Rxd6 38. Ke2 Qc4+ 39. Kf3 Qxh4 40. Qe5 Rf6+ {Weighted Error Value: White=0.69/Black=0.23} 0-1

[Event "14th SRB-ch Women 2020"]
[Site "Vrnjacka Banja"]
[Date "2020.12.10"]
[Round "5.3"]
[White "Rapport, Jovana"]
[Black "Drljevic, Ljilja"]
[Result "0-1"]
[WhiteElo "2308"]
[BlackElo "2174"]
[Annotator "TA"]
[PlyCount "104"]
[EventDate "2020.12.07"]
[EventType "tourn"]
[EventCountry "SRB"]
[SourceTitle "playchess.com"]
[Source "ChessBase"]
[SourceQuality "1"]

{[%evp 9,104,4,12,11,37,25,51,44,51,43,56,41,89,97,63,66,72,31,46,47,61,-19,32,44,40,-20,33,11,3,0,0,0,0,0,26,-24,-2,-4,43,0,59,0,75,0,139,24,51,63,149,0,0,-41,61,0,0,-12,0,-83,-78,-77,-87,-104,-68,-277,-64,-114,-120,-173,-10,-10,-2,-3,0,-18,-8,-22,0,-52,-61,-167,-165,-193,-188,-200,-194,-200,-174,-237,-233,-245,-243,-334,-268,-562,-525,-29973,-1178]} 1. d4 d5 2. Nf3 Nf6 3. c3 e6 4. Bg5 h6 5. Bxf6 Qxf6 6. Nbd2 {D02: 1 d4 d5 2 Nf3 sidelines, including 2...Nf6 3 g3 and 2...Nf6 3 Bf4.} Qd8 7. e4 dxe4 8. Nxe4 {White is slightly better.} Be7 9. Bd3 Nd7 10. Qe2 O-O {[#]} 11. g4 $146 ({Predecessor:} 11. O-O-O c5 12. Nxc5 Nxc5 13. dxc5 Qc7 14. Qe4 f5 15. Qc4 Bxc5 16. Nd4 Qf4+ 17. Kb1 Bxd4 18. Qxd4 Qxd4 19. cxd4 {½-½ (39) Kucera,P (2158)-Fiala,J (2235) Czechia 2011}) 11... c5 12. Rg1 cxd4 13. Nxd4 Ne5 14. Bc2 Ng6 15. Nf3 (15. O-O-O $14) 15... Qc7 (15... e5 $11) 16. g5 $14 Qf4 17. Ned2 (17. Qe3 $14) 17... Nh4 (17... h5 $11) 18. Nxh4 Qxh4 19. gxh6 Qxh6 20. O-O-O Bd7 21. Kb1 Bc6 22. Nc4 Rfd8 23. Ne5 Be8 24. Qe4 Rab8 (24... Rxd1+ $11 25. Rxd1 Rd8) 25. f4 (25. Rde1 $14) 25... Kf8 (25... Rxd1+ $11 26. Rxd1 Qh3) 26. h4 (26. Rde1 $16) 26... Qh5 (26... Rxd1+ $11 {remains equal.} 27. Rxd1 Qh5) 27. Qg2 (27. Rdf1 $1 $16 g6 28. Re1) 27... g6 28. Rde1 Rd5 {[#]} (28... Rd6 $14) 29. Qe4 ({White should play} 29. f5 $1 $16 {[%cal Rf5g6][%mdl 512]} Bxh4 (29... exf5 30. Qxd5) 30. Rh1) 29... Rbd8 $11 (29... Qxh4 $2 30. Rh1 $18) 30. a3 Bf6 ({But not} 30... Bxh4 $2 31. Rh1 $16) (30... Bc6 $15 31. Qc4 Qxh4) 31. Bb3 ({White should try} 31. Qb4+ $14 Be7 32. Qxb7) 31... Rb5 32. Bc4 Rb6 33. Re2 {[#]} (33. Qe3 $11) 33... Qf5 $1 $17 ({Stronger than} 33... Bxh4 34. Rh1 $16) 34. Qxf5 exf5 35. Rh1 Rc8 {And now ...Bxe5 would win.} 36. h5 $2 (36. Ba2 $15) 36... gxh5 $2 (36... Bxe5 $19 37. Rxe5 Bc6) 37. Bd3 Rxc3 {Hoping for ...Bxe5.} 38. Bxf5 (38. Ka2 $17 {was called for.} Rxd3 39. Nxd3) 38... Rc5 $2 (38... h4 $19 {With the idea ...Bc6.} 39. Rhh2 Rg3) 39. Rxh5 $11 Bxe5 40. fxe5 Bb5 41. Re1 Bc4 42. Rh4 Be6 43. Bd3 (43. Bxe6 $11 Rxe6 44. Rh5) 43... Rc3 $15 44. Bc2 ({Better is} 44. Be4 $15) 44... Rxa3 $1 $19 45. Ree4 Rg3 {Strongly threatening ...Rg1+.} 46. Re1 Rg2 47. Rh8+ Ke7 48. Rf1 (48. Rhh1 {was worth a try.}) 48... Re2 49. Rh7 Rxe5 50. Kc1 Re2 51. Kd1 $2 (51. Kb1) 51... Rg2 {...Ra6 is the strong threat.} 52. b3 Rd6+ {Weighted Error Value: White=0.60/Black=0.35} (52... Ra6 $142 53. Kc1 Ra1+ 54. Kb2 Rxf1 55. Rg7 Rxg7 56. Ka3 {[#]} Rg3 $1 {[%mdl 512]} 57. Ka4 Rc3 58. Bd1 Rxd1 59. Kb4 Rxb3+ 60. Kc5 Rc1+ 61. Kd4 Rc4+ 62. Ke5 f6#) 0-1

[Event "14th SRB-ch Women 2020"]
[Site "Vrnjacka Banja"]
[Date "2020.12.10"]
[Round "5.4"]
[White "Gajcin, Marina"]
[Black "Chelushkina, Irina"]
[Result "1-0"]
[WhiteElo "2239"]
[BlackElo "2224"]
[Annotator "RC"]
[PlyCount "75"]
[EventDate "2020.12.07"]
[EventType "tourn"]
[EventCountry "SRB"]
[SourceTitle "playchess.com"]
[Source "ChessBase"]
[SourceQuality "1"]
[TimeControl "40/5400+30:1800+30"]

1. e4 {[%emt 0:00:00]} g6 {[%emt 0:01:44]} 2. d4 {[%emt 0:00:00]} Bg7 {[%emt 0:00:03]} 3. Nf3 {[%emt 0:01:26]} d6 {[%emt 0:02:22]} 4. Nc3 {[%emt 0:03:24]} c6 {[%emt 0:00:55]} 5. a4 {[%emt 0:06:53]} Nf6 {[%emt 0:01:06]} 6. Be3 {[%emt 0:01:31]} Qa5 {[%emt 0:00:48]} 7. Bd3 {[%emt 0:06:44]} O-O {[%emt 0:03:40]} 8. O-O {[%emt 0:04:50]} e5 {[%emt 0:01:58]} 9. h3 {[%emt 0:10:35]} Nbd7 {[%emt 0:06:50]} 10. Qd2 {[%emt 0:09:54]} Nh5 {[%emt 0:01:44]} 11. d5 {[%emt 0:05:31]} Qc7 {[%emt 0:05:16]} 12. dxc6 {[%emt 0:05:46]} bxc6 {[%emt 0:06:50]} 13. Rfd1 {[%emt 0:02:21]} Nhf6 {[%emt 0:18:33]} 14. Bc4 {[%emt 0:05:00]} Ne8 {[%emt 0:00:11]} 15. a5 {[%emt 0:03:41]} Ndf6 {[%emt 0:03:06]} 16. b4 {[%emt 0:06:18]} Rb8 {[%emt 0:03:02]} 17. Rab1 {[%emt 0:00:12]} a6 {[%emt 0:04:53]} 18. Qe2 {[%emt 0:00:46]} Qb7 {[%emt 0:00:13]} 19. Bd3 {[%emt 0:04:05]} Nc7 {[%emt 0:05:30]} 20. Na4 {[%emt 0:01:34]} Nfe8 {[%emt 0:05:58]} 21. Nb6 {[%emt 0:02:03]} h6 {[%emt 0:09:31]} 22. c4 {[%emt 0:02:45]} Be6 {[%emt 0:01:27]} 23. b5 {[%emt 0:01:48]} cxb5 {[%emt 0:02:49]} 24. cxb5 {[%emt 0:00:39]} Nxb5 {[%emt 0:00:03]} 25. Bxb5 {[%emt 0:00:38]} axb5 {[%emt 0:00:04]} 26. Qxb5 {[%emt 0:00:16]} Qxe4 {[%emt 0:02:21]} 27. Rb4 {[%emt 0:01:28]} Nc7 {[%emt 0:02:38]} 28. Qa4 {[%emt 0:02:58]} Qf5 {[%emt 0:00:05]} 29. a6 {[%emt 0:01:39]} Nxa6 {[%emt 0:00:19]} 30. Qxa6 {[%emt 0:00:40]} d5 {[%emt 0:00:01]} 31. Nxd5 {[%emt 0:01:44]} Bxd5 {[%emt 0:00:19]} 32. Rxb8 {[%emt 0:00:11]} Rxb8 {[%emt 0:00:11]} 33. Rxd5 {[%emt 0:00:06]} Rb1+ {[%emt 0:00:48]} 34. Kh2 {[%emt 0:00:06]} Kh7 {[%emt 0:00:51]} 35. Qc6 {[%emt 0:03:01]} Ra1 {[%emt 0:01:08]} 36. Qe8 {[%emt 0:01:51]} g5 {[%emt 0:01:14]} 37. Nxe5 {[%emt 0:01:25]} Qe4 {[%emt 0:01:20]} 38. Qxf7 {[%emt 0:00:30]} 1-0

[Event "14th SRB-ch Women 2020"]
[Site "Vrnjacka Banja"]
[Date "2020.12.10"]
[Round "5.5"]
[White "Injac, Teodora"]
[Black "Eric, Jovana"]
[Result "1-0"]
[WhiteElo "2290"]
[BlackElo "2278"]
[Annotator "RC"]
[PlyCount "111"]
[EventDate "2020.12.07"]
[EventType "tourn"]
[EventCountry "SRB"]
[SourceTitle "playchess.com"]
[Source "ChessBase"]
[SourceQuality "1"]
[TimeControl "40/5400+30:1800+30"]

1. Nf3 {[%emt 0:00:00]} e6 {[%emt 0:00:00]} 2. g3 {[%emt 0:02:19]} f5 {[%emt 0:00:01]} 3. Bg2 {[%emt 0:00:19]} Nf6 {[%emt 0:00:19]} 4. O-O {[%emt 0:01:50]} Be7 {[%emt 0:00:34]} 5. c4 {[%emt 0:00:50]} O-O {[%emt 0:00:53]} 6. Nc3 {[%emt 0:03:11]} c6 {[%emt 0:05:40]} 7. b3 {[%emt 0:08:47]} a5 {[%emt 0:12:14]} 8. Bb2 {[%emt 0:04:29]} Na6 {[%emt 0:00:17]} 9. d4 {[%emt 0:10:37]} Ne4 {[%emt 0:05:58]} 10. c5 {[%emt 0:07:35]} b6 {[%emt 0:13:12]} 11. cxb6 {[%emt 0:05:14]} Nxc3 {[%emt 0:02:14]} 12. Bxc3 {[%emt 0:00:09]} Qxb6 {[%emt 0:00:12]} 13. Ne5 {[%emt 0:03:55]} Nb4 {[%emt 0:07:29]} 14. Qd2 {[%emt 0:01:19]} Qc7 {[%emt 0:03:48]} 15. Nc4 {[%emt 0:04:35]} d5 {[%emt 0:10:31]} 16. Ne5 {[%emt 0:04:30]} c5 {[%emt 0:06:34]} 17. Rfc1 {[%emt 0:01:27]} Bb7 {[%emt 0:07:31]} 18. dxc5 {[%emt 0:11:58]} Bf6 {[%emt 0:07:20]} 19. Nd3 {[%emt 0:09:11]} Nxd3 {[%emt 0:05:58]} 20. Qxd3 {[%emt 0:01:00]} Be7 {[%emt 0:04:07]} 21. Qe3 {[%emt 0:03:17]} Qc6 {[%emt 0:00:18]} 22. Bd4 {[%emt 0:02:07]} Rfe8 {[%emt 0:00:26]} 23. Qc3 {[%emt 0:01:31]} Bf8 {[%emt 0:00:25]} 24. a3 {[%emt 0:01:57]} Ba6 {[%emt 0:02:44]} 25. e3 {[%emt 0:00:37]} Bb5 {[%emt 0:01:23]} 26. a4 {[%emt 0:00:55]} Be2 {[%emt 0:00:44]} 27. Ra2 {[%emt 0:00:55]} Ba6 {[%emt 0:00:52]} 28. Qxa5 {[%emt 0:01:09]} Rec8 {[%emt 0:01:20]} 29. Qc3 {[%emt 0:00:43]} Bb7 {[%emt 0:00:22]} 30. f4 {[%emt 0:01:26]} Qd7 {[%emt 0:00:27]} 31. Bf1 {[%emt 0:03:25]} Bc6 {[%emt 0:00:05]} 32. Rca1 {[%emt 0:00:18]} Rcb8 {[%emt 0:00:35]} 33. Bd3 {[%emt 0:02:02]} Qb7 {[%emt 0:00:36]} 34. Rb2 {[%emt 0:00:39]} Qd7 {[%emt 0:00:20]} 35. Bc2 {[%emt 0:00:50]} Rc8 {[%emt 0:00:54]} 36. Rba2 {[%emt 0:00:32]} Rc7 {[%emt 0:00:48]} 37. b4 {[%emt 0:00:30]} Rca7 {[%emt 0:00:31]} 38. Qb3 {[%emt 0:00:48]} Rb8 {[%emt 0:00:40]} 39. b5 {[%emt 0:00:37]} Qe8 {[%emt 0:00:19]} 40. Qc3 {[%emt 0:00:39]} Ba8 {[%emt 0:00:48]} 41. c6 {[%emt 0:31:01]} Rf7 {[%emt 0:00:41]} 42. Bd3 {[%emt 0:00:00]} Rc8 {[%emt 0:07:23]} 43. Rc2 {[%emt 0:00:00]} Bd6 {[%emt 0:01:52]} 44. Rac1 {[%emt 0:00:00]} Qf8 {[%emt 0:01:41]} 45. Qb3 {[%emt 0:00:00]} Ba3 {[%emt 0:02:02]} 46. Ra1 {[%emt 0:00:00]} Bd6 {[%emt 0:00:29]} 47. a5 {[%emt 0:00:00]} h6 {[%emt 0:02:36]} 48. a6 {[%emt 0:00:00]} Kh7 {[%emt 0:01:24]} 49. b6 {[%emt 0:00:00]} Bxc6 {[%emt 0:00:40]} 50. b7 {[%emt 0:00:00]} Bxb7 {[%emt 0:00:05]} 51. axb7 {[%emt 0:00:00]} Rb8 {[%emt 0:00:18]} 52. Ba6 {[%emt 0:00:00]} Rc7 {[%emt 0:01:43]} 53. Rxc7 {[%emt 0:00:00]} Bxc7 {[%emt 0:00:03]} 54. Ba7 {[%emt 0:00:00]} Rd8 {[%emt 0:00:04]} 55. Rc1 {[%emt 0:00:00]} Qd6 {[%emt 0:00:24]} 56. Bf1 {[%emt 0:00:00]} 1-0

[Event "14th SRB-ch Women 2020"]
[Site "Vrnjacka Banja"]
[Date "2020.12.11"]
[Round "6.1"]
[White "Velikic, Adela"]
[Black "Eric, Jovana"]
[Result "1-0"]
[WhiteElo "2278"]
[BlackElo "2278"]
[Annotator "TA"]
[PlyCount "131"]
[EventDate "2020.12.07"]
[EventType "tourn"]
[EventCountry "SRB"]
[SourceTitle "playchess.com"]
[Source "ChessBase"]
[SourceQuality "1"]

{[%evp 19,131,0,0,0,9,12,10,2,4,0,19,16,29,3,5,-18,-10,-16,12,-96,-85,-89,-83,-100,-54,-57,-56,-69,-66,-47,-46,-90,-53,-88,-95,-100,-107,-107,-49,-83,-57,-191,-189,-190,-126,-178,-173,-259,0,0,0,0,0,0,0,0,0,0,34,35,35,34,186,36,64,37,36,37,44,93,124,116,116,116,162,1,41,0,0,0,0,0,0,0,0,0,0,0,0,0,0,0,1848,1552,29981,29982,29982,29983,29983,29984,29984,29985,29985,29986,29986,29987,29988,29989,29990,29991,29991,29992,29993,29994]} 1. d4 Nf6 2. c4 e6 3. Nf3 b6 4. g3 Bb7 5. Bg2 Be7 6. Nc3 Ne4 7. Nxe4 Bxe4 8. O-O O-O 9. Bd2 Bf6 10. Rc1 c5 11. Bc3 {E18: Queen's Indian: Old Main Line (4 g3 Bb7 5 Bg2 Be7 6 0-0 0-0 7 Nc3).} Nc6 12. dxc5 bxc5 13. Qd6 {[#] The position is equal.} Be7 $146 ({Predecessor:} 13... Qb8 14. Qd2 Be7 15. Ne1 Bxg2 16. Nxg2 Rd8 17. e4 a5 18. Ne3 Nb4 19. Rcd1 Qc7 {0-1 (38) Fernandez Lopez,F (2293)-Oms Pallisse,J (2424) Vila Real 2001}) 14. Qd2 d6 15. Rfd1 Rc8 16. Qf4 f5 17. h4 e5 18. Qd2 Nd4 19. Bxd4 (19. b4 $1 $11 {keeps the balance.}) 19... cxd4 $17 20. Ng5 Bxg5 21. Qxg5 Qb6 22. Bxe4 fxe4 23. b3 h6 24. Qg4 d3 25. e3 Qc6 $36 {[%mdl 2048] Black is pushing.} 26. Qe6+ $1 Kh8 27. Qd5 Qxd5 28. cxd5 {[%mdl 4096] Endgame KRR-KRR} Kh7 (28... Rxc1 $1 $17 29. Rxc1 g5) 29. Kf1 Kg6 30. Ke1 {[#]} (30. Rc6 $1 $15) 30... d2+ $1 $19 {[%mdl 576] Decoy} 31. Kxd2 (31. Rxd2 Rxc1+) 31... Rxf2+ 32. Ke1 Rcf8 33. Rc6 (33. Rc4 $142) 33... Rf1+ $2 ({Weaker is} 33... Rxa2 34. Rxd6+ Kh7 35. Rd2 $15) ({Black should try} 33... R8f3 $19 {...Rh2 is the strong threat.} 34. Rxd6+ Kh7) 34. Kd2 $11 R8f2+ 35. Kc1 $1 Rxd1+ 36. Kxd1 {KR-KR} Kf5 37. Rxd6 Rxa2 38. Rd7 Rb2 39. Rxg7 {Black must now prevent h5.} Rxb3 40. Ke2 a5 $2 {[#]} ({Black should play} 40... Rb2+ $14 41. Ke1 Rh2) 41. g4+ (41. h5 $1 $18 {Threatening mate with Rg6.} Kf6 42. Rg6+ {[%mdl 64] Double Attack} Kf7 43. g4 (43. Rxh6 a4 $16)) 41... Kf6 $14 42. Ra7 Rb2+ 43. Kf1 Rb5 44. Ra6+ Kg7 45. d6 Rd5 46. Kf2 Kf7 47. Kg3 $2 (47. Ra7+ $18 Ke6 48. Rh7) 47... Rd3 $1 $11 48. Rxa5 Rxe3+ 49. Kg2 Ke6 50. Ra6 Re2+ 51. Kg3 Re3+ 52. Kf2 Rf3+ 53. Ke2 Rg3 54. g5 hxg5 55. h5 Kf5 $2 {[%mdl 8192]} (55... g4 $11) 56. h6 {And now d7 would win.} Kf4 57. d7 {White mates.} Re3+ 58. Kf2 Rf3+ 59. Kg2 Rg3+ 60. Kh2 Rd3 61. h7 Rd2+ 62. Kg1 e3 63. Rf6+ Kg3 64. h8=Q Rg2+ 65. Kf1 Rd2 66. d8=Q {What a bad dream for Black.  Weighted Error Value: White=0.24/Black=0.30} 1-0

[Event "14th SRB-ch Women 2020"]
[Site "Vrnjacka Banja"]
[Date "2020.12.11"]
[Round "6.2"]
[White "Chelushkina, Irina"]
[Black "Injac, Teodora"]
[Result "0-1"]
[WhiteElo "2224"]
[BlackElo "2290"]
[Annotator "TA"]
[PlyCount "44"]
[EventDate "2020.12.07"]
[EventType "tourn"]
[EventCountry "SRB"]
[SourceTitle "playchess.com"]
[Source "ChessBase"]
[SourceQuality "1"]

{[%evp 10,44,31,24,36,12,17,3,14,-4,-2,-46,-40,-80,-81,-105,-105,-110,-95,-97,-87,-89,-93,-96,-77,-85,-76,-129,-123,-135,-137,-231,-198,-286,-279,-316,-198]} 1. g3 Nf6 2. Bg2 g6 3. Nf3 Bg7 4. O-O O-O 5. d4 d6 6. Nc3 d5 {A49: 1 d4 Nf6 2 Nf3 g6 3 g3: Anti-King's Indian systems.} 7. a4 a5 8. Ne5 c6 {[#] The position is equal.} 9. Nb1 $146 ({Predecessor:} 9. Bf4 Nh5 10. Bc1 Nd7 11. Nxd7 Qxd7 12. Ra3 f5 13. Rb3 e6 14. Bf3 Qd8 15. Bxh5 gxh5 {1-0 (56) Moradiabadi,E (2593)-Panjwani,R (2432) Montreal 2014}) 9... Nbd7 {[%cal Bb8d7,Bd7f8,Bf8e6,Be6f4][%mdl 32]} 10. Nd3 Re8 11. Na3 e5 12. e3 e4 13. Nf4 Nf8 14. h3 Ne6 15. c4 Nxf4 16. exf4 dxc4 17. Nxc4 Nd5 18. Bd2 (18. Re1 $142) 18... Be6 $17 19. Rc1 {[#]} Nb4 $1 {[%cal Rb4d3]} ({But not} 19... Bxd4 20. Bxa5 Qf6 21. Nd6 $17) 20. b3 (20. Bxb4 $17 axb4 21. Re1) 20... Bxd4 21. Qe2 (21. Bxb4 {might work better.} axb4 22. Qc2) 21... Nd3 $19 22. Rb1 f5 {Black took control after the opening.  Weighted Error Value: White=0.30/Black=0.05} 0-1